000 00644 a2200241 4500
003 DLC
005 20260326132931.0
008 2020s2020 xx 000 0 eng d
020 _a9789389688108
040 _aDLC
_beng
050 4 _aRB37 .T35 2020
100 1 _aTalib, V.H.
_eauthor.
245 1 0 _aPractical Textbook of Laboratory Medicine
_cV.H. Talib
250 _a2nd ed.
264 1 _bCBS Publishers & Distributors
_c2020
300 _axv, 582p. ill.
336 _2CC
338 _2CC
650 0 _aClinical laboratory techniques
650 0 _aDiagnosis, Laboratory
650 0 _aMedical laboratory technology
942 _2lcc
_cBK
999 _c44182
_d44182